Schaum's outline of theory and problems of combinatorics

Gardado en:
Detalles Bibliográficos
Autor Principal: Balakrishnan, V. K., 1931
Formato: Libro
Publicado: McGraw-Hill 1995
Các nhãn: Engadir etiqueta
Sen Etiquetas, Sexa o primeiro en etiquetar este rexistro!
Thư viện lưu trữ: Mạng thư viện Đại học Đà Nẵng
LEADER 00565nam a2200217 a 4500
001 000030249
003 5288
005 20171030145630.0
008 171030s1995
040 |a LTT 
082 0 |a 511.61  |b BA-V 
100 1 |a Balakrishnan, V. K., 1931 
245 0 0 |a Schaum's outline of theory and problems of combinatorics  |c V. K. Balakrishnan, 1931. 
260 |b McGraw-Hill  |c 1995 
OWN |a LTT 
999 |a From the UDN01 
TYP |a Monograph 
TYP |a Printed language 
980 |a Mạng thư viện Đại học Đà Nẵng